Cities by Train Network Map - Statistics

General Stats
  • This quiz has been taken 53 times
  • The average score is 6 of 12
Answer Stats
Picture Answer % Correct
New York City
91%
London
78%
Sydney
66%
Tokyo
66%
Shanghai
59%
Moscow
56%
Munich
56%
Istanbul
47%
Rome
38%
Mexico City
25%
Athens
22%
Cairo
19%
No matching quizzes found
Score Distribution
Percent of People with Each Score
Percentile by Number Answered
Your Score History
You have not taken this quiz